000
00403nam a22001697a 4500
003
MPLRDC
005
20220104124259.0
008
210129b ||||| |||| 00| 0 eng d
082
_a
420 ZXW c.2
100
_a
张小汶编
245
_a
家庭小常识
_c
250
_a
初版
260
_a
_b
满庭芳出版社
_c
1985
300
_b
平
650
_a
家事;家政总论
942
_c
BK
_o
420 ZXW c.2
999
_c
18078
_d
18068